Normal view MARC view

Entry Personal Name

Number of records used in: 1

001 - CONTROL NUMBER

  • control field: 10590

003 - CONTROL NUMBER IDENTIFIER

  • control field: DLC

005 - DATE AND TIME OF LATEST TRANSACTION

  • control field: 20250602144113.0

008 - FIXED-LENGTH DATA ELEMENTS

  • fixed length control field: 830506n| azannaabn |a aaa

010 ## - LIBRARY OF CONGRESS CONTROL NUMBER

  • LC control number: n 83121141

016 ## - NATIONAL BIBLIOGRAPHIC AGENCY CONTROL NUMBER

  • Record control number: 1047B5670E

024 7# - OTHER STANDARD IDENTIFIER

  • Standard number or code: 000000006319857X
  • Source of number or code: isni

035 ## - SYSTEM CONTROL NUMBER

  • System control number: (OCoLC)oca00957271

040 ## - CATALOGING SOURCE

  • Original cataloging agency: DLC
  • Language of cataloging: eng
  • Description conventions: rda
  • Transcribing agency: DLC
  • Modifying agency: DLC
  • Modifying agency: CaOONL
  • Modifying agency: NL-TiUL

042 ## - AUTHENTICATION CODE

  • Authentication code: nlc

046 ## - SPECIAL CODED DATES

  • Birth date: 1942-11-28
  • Source of date scheme: edtf

100 1# - HEADING--PERSONAL NAME

  • Personal name: Lewicki, Roy J.

372 ## - FIELD OF ACTIVITY

  • Field of activity: Negotiation
  • Field of activity: Negotiation in business
  • Field of activity: Conflict management
  • Field of activity: Trust
  • Source of term: lcsh

373 ## - ASSOCIATED GROUP

  • Associated group: Ohio State University
  • Source of term: naf

374 ## - OCCUPATION

  • Occupation: College teachers
  • Source of term: lcsh

377 ## - ASSOCIATED LANGUAGE

  • Language code: eng

400 1# - SEE FROM TRACING--PERSONAL NAME

  • Personal name: Lewicki, Roy James

670 ## - SOURCE DATA FOUND

  • Source citation: Negotiating in organizations, c1983 (a.e.)
  • Information found: CIP t.p. (Roy J. Lewicki)

670 ## - SOURCE DATA FOUND

  • Source citation: Think before you speak, 1996:
  • Information found: CIP t.p. (Roy J. Lewicki) datasheet (b. 11-28-42)

670 ## - SOURCE DATA FOUND

  • Source citation: Understanding trust in organizations, 2021:
  • Information found: eCIP t.p. (Roy J. Lewicki) data view screen (Irving Abramowitz Professor of Management and Human Resources Emeritus at The Ohio State University; leading scholar in the fields of negotiation, conflict management and trust)

670 ## - SOURCE DATA FOUND

  • Source citation: Negotiation, c2024:
  • Information found: t.p. (Roy J. Lewicki; The Ohio State University)

670 ## - SOURCE DATA FOUND

  • Source citation: ISNI database, searched September 13, 2023
  • Information found: (Roy James Lewicki)

Powered by Koha